000
00320 a2200157 4500
001
57846
020
_a
040
_c
Anchieta - Pituba
100
_a
Galsworthy, John
240
1
0
_a
O proprietário
_l
por
245
1
0
_a
O proprietário
300
_a
101
362
0
_a
1971
650
4
_a
Ficção inglesa
942
_c
BK
999
_c
57846
_d
57846